Český ráj /
| Hlavní autor: | Prošek, Josef, 1923-1992 |
|---|---|
| Další autoři: | Bílková, Eva, 1955- |
| Jazyk: | Ruština Němčina Čeština Angličtina |
| Vydáno: |
Praha : Pressfoto, 1988 |
| Vydání: | 1. vyd. |
| Edice: |
Má vlast (Pressfoto). Řada B
|
| Témata: | |
| Fyzický popis: |
[68] s. : barev. fot., mapy ; 22x23 cm |
| Language note: |
Souběžný ruský, německý a anglický text |
|
| LEADER | 01167nam a22003252a 4500 | ||
|---|---|---|---|
| 001 | 000233010 | ||
| 003 | CZ BrMZK | ||
| 005 | 20200721132129.0 | ||
| 007 | ta | ||
| 008 | 970103s1988 xr af f cze d | ||
| 015 | |a cnb000040305 | ||
| 040 | |a BOA001 |b cze | ||
| 041 | 0 | |a cze |a eng |a ger |a rus | |
| 080 | 9 | |a 908.437.137 | |
| 100 | 1 | |a Prošek, Josef, |d 1923-1992 |7 jk01101374 |4 aut |4 pht | |
| 245 | 1 | 0 | |a Český ráj / |c Josef Prošek ; úvod a texty k fotografiím Eva Bílková |
| 250 | |a 1. vyd. | ||
| 260 | |a Praha : |b Pressfoto, |c 1988 | ||
| 300 | |a [68] s. : |b barev. fot., mapy ; |c 22x23 cm | ||
| 490 | 1 | |a Má vlast. Řada B ; |v sv. 12 | |
| 500 | |a 30000 výt. | ||
| 546 | |a Souběžný ruský, německý a anglický text | ||
| 700 | 1 | |a Bílková, Eva, |d 1955- |7 jo20000074344 |4 aut | |
| 830 | 0 | |a Má vlast (Pressfoto). |p Řada B |0 s | |
| 910 | |a BOA001 |b TK-0237.401 |b 2-0934.359 | ||
| 964 | |a Posázaví - publikace obrazové | ||
| 990 | |a BK | ||
| 991 | |b 200609 | ||
| 996 | 6 | |b 2619345768 |c 2-0934.359 |l MZK |r Sklad / do 1 hodiny |n 0 |w 000233010 |u 000020 |a 1 |e BOA001 |j MZK50 |s P | |
| 996 | 6 | |b 2629997357 |c TK-0237.401 |l MZK |r Sklad / do 24 hodin |n 1 |w 000233010 |u 000010 |a 1 |e BOA001 |j MZK50 |s P | |
English
Čeština 